00000000nam##2200000za#4500
0019.603997
003CaOODSP
00520210624211343
007cr |||||||||||
008150406|1992||||xxc|||||o    f|0| 0 fre|d
022 |a1488-545X
040 |aCaOODSP|bfre
043 |an-cn---
0861 |aFs97-6/1870F-PDF
1101 |aCanada.|bMinistère des pêches et des océans.|bDirection de la gestion de l'habitat du poisson.
24510|aStructure de la communauté ichtyenne interdidale de l'estuaire moyen du Saint-Laurent : |h[ressource électronique]|bcadre de référence pour le suivi à long terme de l'état de l'écosystème de l'estuaire du Saint-Laurent / |cpar M. Gagnon, Y. Ménard et J.-M. Coutu.
260 |aQuébec - Québec : |bPêches et Océans Canada. |cJuin 1992.
300 |a60p.|bgraphiques, carte, références, tableaux
4901 |aRapport technique canadien des sciences halieutiques et aquatiques|x1488-545X|vN° 1870
500 |aLe n° de catalogue (Fs97-6/1870F) et l'ISSN (0706-6570) de l'édition imprimée ont été incorrectement copiés dans l'édition électronique.
546 |a(Abstract in English)
590 |a12-23-Supp|b2012-05-28
7201 |aGagnon, M.
7201 |aMénard, Y
7201 |aCoutu, J. -M.
7760#|tStructure de la communauté ichtyenne intertidale de l'estuaire moyen du Saint-Laurent: cadre de référence pour le suivi à long terme de l'état de l'écosystème de l'estuaire du Saint-Laurent / |w(CaOODSP)9.621853
830#0|aRapport technique canadien des sciences halieutiques et aquatiques,|x1488-545X|vN° 1870|w(CaOODSP)9.500867
85640|ahttp://publications.gc.ca|qPDF|s1.46 Mo|uhttps://publications.gc.ca/collections/collection_2012/mpo-dfo/Fs97-6-1870-fra.pdf|yN° 1870